Movies Quiz

Random Movies or Animation Quiz

Pixar Movies: Every Word Quiz Stats

 Plays Quiz not verified by Sporcle

Score 0/24 Timer 10:00
0 Plays Today
Frequency Word % Correct
3Toy
93.6%
3Story
90.7%
2The
88.2%
1Inc
87%
2Monsters
85%
2Cars
84.5%
1Up
82.4%
1A
81.9%
1Bugs
80.6%
1Life
79.9%
1Brave
78.4%
1Incredibles
77.7%
Frequency Word % Correct
2Finding
76.9%
1University
76.7%
1Nemo
76.4%
22
74.2%
1Dory
73.8%
13
73.6%
1Wall-E
73.6%
1Inside
70.8%
1Out
70.6%
1Ratatouille
68.9%
1Dinosaur
65.5%
1Good
65%

You're not logged in!

Compare scores with friends on all Sporcle quizzes.
OR
Log In

Sporcle TV

Today on Sporcle TV


Watch our educational content, quiz creation guides, and fun videos on Sporcle TV.

Show Comments

Extras

Top Quizzes Today


Score Distribution

Your Account Isn't Verified!

In order to create a playlist on Sporcle, you need to verify the email address you used during registration. Go to your Sporcle Settings to finish the process.

Report this User

Report this user for behavior that violates our Community Guidelines.

Details: